Theory and Practice of events Research (Record no. 3102)

MARC details
000 -LEADER
fixed length control field 00358nam a22001337a 4500
008 - FIXED-LENGTH DATA ELEMENTS--GENERAL INFORMATION
fixed length control field 250422b |||||||| |||| 00| 0 eng d
020 ## - INTERNATIONAL STANDARD BOOK NUMBER
ISBN 0677155506
100 ## - MAIN ENTRY--AUTHOR
Author Azar Edward E.
245 ## - TITLE STATEMENT
Title Theory and Practice of events Research
260 ## - PUBLICATION, DISTRIBUTION, ETC. (IMPRINT)
Place of publication New york
Name of publisher Gordon and Breach science publishers
Date of publication 1994
300 ## - COLLATION
Pagination 264p.
942 ## - ADDED ENTRY ELEMENTS (KOHA)
Item type Books
050 ## - LIBRARY OF CONGRESS CALL NUMBER
Classification number JZ 192
Item number .A93
Holdings
Source of classification or shelving scheme Not for loan Permanent location Current location Date acquired Accession No. Full call number Barcode. Koha item type
Library of Congress Classification   Samuel Ogbemudia Main Library, University of Abuja Samuel Ogbemudia Main Library, University of Abuja 04/22/2025 2005/28448 JZ 192.A93 2025-1516 Books